EL ISLAM : PARA UN DIALOGO NECESARIO /

I tiakina i:
Ngā taipitopito rārangi puna kōrero
Kaituhi matua: Sols Lucia, José (autor)
Hōputu: Pukapuka
Rangatū:CUADERNOS CRISTIANISME I JUSTICIA ; 82
Ngā marau:
Ngā Tūtohu: Tāpirihia he Tūtohu
Kāore He Tūtohu, Me noho koe te mea tuatahi ki te tūtohu i tēnei pūkete!

MARC

LEADER 00000nam^a2200000^a^4500
001 000237654
005 20250521000000.0
009 20260310104941.205
020 |a 84-89904-09-X 
035 |a 060700 
037 |a Acervo Xavier Clavigero 
082 |a 205.  |b CRI V. 82 
100 |a Sols Lucia, José  |e (autor) 
245 1 3 |a EL ISLAM :  |b PARA UN DIALOGO NECESARIO /  |c LUIS SOLS LUCIA 
264 |a Barcelona, España :  |b Cristianisme i Justícia,  |c 1988 
300 |a 40 p. 
336 |a texto  |b txt  |2 rdacontenido 
337 |a sin mediación  |b n  |2 rdamedio 
338 |a volumen  |b nc  |2 rdasoporte 
440 |a CUADERNOS CRISTIANISME I JUSTICIA ;  |v 82 
649 |a XX 
650 |a Islamismo 
910 |a Fondo General 
920 |a Impresos - Libros 
930 |a Colección General 
905 |a 101 
901 |a 060700  |b IT1  |c ACC  |i 060700  |u 20250521 
901 |a 060703  |b IT1  |c ACC  |i 060703  |u 20250521 
902 |a https://opac.biblio.iteso.mx/vufind/Record/000237654